Englisch "Linking words" - Statistiken

Allgemein
  • Dieses Quiz wurde 50 mal gespielt
  • Das Durchschnittsergebnis liegt bei 10 aus 52
Antwortstatistiken
Hint Antwort % Korrekt
A_ As
80%
A__ And
68%
In a_______ In addition
63%
Fu_________ Furthermore
61%
a___ Also
49%
Mo______ Moreover
46%
S_ So
46%
B______ Because
44%
In con_______ In conclusion
44%
To con_____ To conclude
39%
as w___ a_ As well as
34%
In a_______ __ In addition to
34%
In a n_______ In a nutshell
34%
t__ Too
29%
B__ But
27%
In su_____ In summary
27%
Th_______ Therefore
24%
To su_______ To summarise
24%
Ho_____ However
20%
La____ Lastly
20%
Ne__________ Nevertheless
20%
Al______ Although
17%
B______ o_ Because of
15%
In sh___ In short
15%
D__ t_ Due to
10%
E___ th____ Even though
10%
Whe____ Whereas
10%
As a ______ As a result
7%
D__ t_ t__ f___ t___ Due to the fact that
7%
Un____ Unlike
7%
Wh___ While
7%
Adding information Adding Information
5%
Be_____ Besides
5%
In br___ In brief
5%
No_________ Nonetheless
5%
The fo_______ The following
5%
De_____ Despite
2%
De_____ t__ f___ t___ Despite the fact that
2%
O_____ to Owning to
2%
O_____ t_ t__ f___ t___ Owning to the fact that
2%
Sequencing ideas Sequencing ideas
2%
S____ Since
2%
Summarasing Summarising
2%
The f____ p____ is The first point is
2%
A____ f___ Apart from
0%
Con_________ Consequently
0%
Contrasting ideas Contrasting ideas
0%
F______, s_______, f______ Firstly, secondly, finally
0%
Giving a reason Giving a reason
0%
Giving a result Giving a result
0%
The for___, ... the l_____ The former, … the latter
0%
T___ m____ t___ This means that
0%
Keine übereinstimmenden Quizze gefunden
Verteilung der Resultate
Anzahl Personen mit jedem Resultat
Perzentil nach korrekt beantworteten Fragen
Ihre Resultats-Entwicklung
Sie haben dieses Quiz noch nicht gespielt